Library of the University of Algiers 3
Ibrahim Sultan Cheibout
شعار جامعة الجزائر 3
مكتبة جامعة الجزائر 3
إبراهيم سلطان شيبوط

محاسبة شركات الأموال : (رقم التسجيلة. 44233)

تفاصيل مارك
000 -LEADER
fixed length control field 01559nam a2200241Ia 4500
003 - CONTROL NUMBER IDENTIFIER
control field Ost
005 - DATE AND TIME OF LATEST TRANSACTION
control field 20260507075357.0
008 - FIXED-LENGTH DATA ELEMENTS--GENERAL INFORMATION
fixed length control field 260507s9999||||xx |||||||||||||| ||und||
040 ## - CATALOGING SOURCE
Transcribing agency fsecg
041 ## - LANGUAGE CODE
Language code of text/sound track or separate title ara
082 ## - DEWEY DECIMAL CLASSIFICATION NUMBER
Classification number 330
100 ## - MAIN ENTRY--PERSONAL NAME
Personal name بدوي، محمد عباس
Relator term مؤلف
245 #0 - TITLE STATEMENT
Title محاسبة شركات الأموال :
Remainder of title قطاع الأعمال العام- القطاع الخاص /
Statement of responsibility, etc. محمد عباس بدوي
260 ## - PUBLICATION, DISTRIBUTION, ETC.
Place of publication, distribution, etc. الإسكندرية:
Name of publisher, distributor, etc. دار الجامعة الجديدة للنشر,
Date of publication, distribution, etc. 2010
300 ## - PHYSICAL DESCRIPTION
Extent 431 صفحة؛
Other physical details إيضاحات ؛
Dimensions 24 سم
520 ## - SUMMARY, ETC.
Summary, etc. المحاسبة في شركات القطاع الأعمال العام- الإطار العام للنظام المحاسبي الموحد- أسس وقواعد المعالجة المحاسبية طبقا للنظام المحاسبي الموحد- الحسابات والقوائم المالية الختامية- المحاسبة في شركات الاموال الخاصة- شركات الاموال ورأس المال المملوك- المعالجة المحاسبية لعمليات رأس المال المملوك- المعالجة المحاسبية لعمليات راس المال المقترض- القوائم المالية للشركات المساهمة الخاصة
653 ## - INDEX TERM--UNCONTROLLED
Uncontrolled term الإدارة المالية
653 ## - INDEX TERM--UNCONTROLLED
Uncontrolled term الشركات العامة
653 ## - INDEX TERM--UNCONTROLLED
Uncontrolled term القطاع الخاص
653 ## - INDEX TERM--UNCONTROLLED
Uncontrolled term محاسبة الشركات
700 ## - ADDED ENTRY--PERSONAL NAME
Personal name عثمان، الأميرة ابراهيم
Relator term مؤلف ثانوي
942 ## - ADDED ENTRY ELEMENTS (KOHA)
Koha item type كتب
المقتنيات
Withdrawn status Lost status Source of classification or shelving scheme Damaged status Not for loan Home library Current library Date acquired Serial enumeration / chronology Inventory number Total checkouts Full call number Barcode Date last seen Price effective from Koha item type
    Dewey Decimal Classification   NOT LOAN / إعارة داخلية مكتبة كلية العلوم الإقتصادية والعلوم التجارية وعلوم التسيير مكتبة كلية العلوم الإقتصادية والعلوم التجارية وعلوم التسيير 07/05/2026 الطابق الأرضي 25388   أ/4292ن1 25388 07/05/2026 07/05/2026 كتب
    Dewey Decimal Classification   Available مكتبة كلية العلوم الإقتصادية والعلوم التجارية وعلوم التسيير مكتبة كلية العلوم الإقتصادية والعلوم التجارية وعلوم التسيير 07/05/2026 الطابق الأرضي 25389   أ/4292ن2 25389 07/05/2026 07/05/2026 كتب
    Dewey Decimal Classification   Available مكتبة كلية العلوم الإقتصادية والعلوم التجارية وعلوم التسيير مكتبة كلية العلوم الإقتصادية والعلوم التجارية وعلوم التسيير 07/05/2026 الطابق الثاني 25390   أ/4292ن3 25390 07/05/2026 07/05/2026 كتب

موارد الويب المفتوحة


© University of Algiers 3 All Rights Reserved
|
Implemented by LECHELAH Riad